[Event "Challenge"]
[Site "http://www.queenalice.com/game.php?id=1476446"]
[Date "2017.5.2"]
[Round "-"]
[White "Lorenzo16"]
[Black "Igor2000"]
[Result "0-1"]
[WhiteElo "1100"]
[BlackElo "1867"]

1. e4 e5 2. d4 exd4 3. Qxd4 Nc6 4. Qd1 Nf6 5. Bd3 Bc5 6. Nh3 d6 7. Qf3 Bg4 8.
Qg3 O-O 9. O-O Qd7 10. Nf4 h6 11. Nd5 Nxd5 12. exd5 Ne7 13. h3 Bh5 14. Bxh6 Bg6
15. Bxg6 fxg6 16. Bg5 Nf5 17. Qg4 Qb5 18. Nd2 Qxb2 19. Rad1 Qxc2 20. a3 Bxa3 21.
Be3 Nxe3 22. Qe6+ Kh7 23. Qxe3 Bc5 24. Qe1 Qd3 25. Ne4 Qb5 26. Nxc5 Qxc5 27. Qd2
a5 28. Qe2 b5 29. Rd2 Qb6 30. Qe4 Rae8 31. Qh4+ Kg8 32. Qg4 a4 33. Qxg6 a3 34.
Qg4 b4 35. Ra2 Ra8 36. Qe6+ Rf7 37. h4 b3 38. Re2 a2 39. Ra1 b2 40. Rxb2 Qxb2
41. Qe1 Rb8 42. h5 Qb1 43. Qf1 Qxf1+ 44. Rxf1 Rb1 45. Rxb1 axb1=Q+ 46. Kh2 Rxf2
47. Kg3 Qf5 48. Kh4 Rf4+ 49. Kg3 Qg5+ 50. Kh2 Qxh5+ 0-1

[Event "Let's Play Chess!"]
[Site "http://www.queenalice.com/game.php?id=1476477"]
[Date "2017.5.3"]
[Round "-"]
[White "Lorenzo16"]
[Black "igorjava"]
[Result "0-1"]
[WhiteElo "1152"]
[BlackElo "1929"]

1. e4 c5 2. Bc4 e6 3. d3 a6 4. d4 b5 5. Be2 cxd4 6. Qxd4 Nc6 7. Qd1 h6 8. Bf4 e5
9. Be3 Nf6 10. Nf3 Nxe4 11. Bd3 Nf6 12. O-O Be7 13. Na3 d6 14. c4 b4 15. Nc2 Bg4
16. Be2 a5 17. a3 b3 18. Nce1 a4 19. Nd2 Be6 20. Nd3 O-O 21. Bf3 Qc7 22. Nb4
Nxb4 23. h3 Nc6 0-1

[Event "Challenge"]
[Site "http://www.queenalice.com/game.php?id=1476555"]
[Date "2017.5.3"]
[Round "-"]
[White "Lorenzo16"]
[Black "knight576"]
[Result "0-1"]
[WhiteElo "1170"]
[BlackElo "2116"]

1. e4 e5 2. Bc4 Bc5 3. d3 Nf6 4. Qf3 Nc6 5. c3 d6 6. Bg5 a5 7. Bb5 Bd7 8. Nd2
Nb8 9. Bxd7+ Nbxd7 10. Ne2 Qe7 11. Nb3 Bb6 12. O-O c6 13. c4 h6 14. Bxf6 Qxf6
15. Qxf6 Nxf6 16. Rac1 a4 17. Nd2 Ba5 18. Nf3 O-O 19. a3 c5 20. Rb1 Rfb8 21. b4
Bb6 22. Rfd1 Rc8 23. Nc3 cxb4 24. axb4 Nd7 25. Nd5 Bd8 26. g3 b5 27. cxb5 Nb6
28. Nxb6 Bxb6 29. d4 a3 30. dxe5 dxe5 31. Nxe5 a2 32. Ra1 Rc2 33. Nd3 Bd4 34. b6
Bxa1 35. b7 Rb8 36. Nc5 Rxc5 37. bxc5 Rxb7 38. Kg2 Be5 39. Rd8+ Kh7 40. Ra8 a1=Q
41. Rxa1 Bxa1 42. c6 Rc7 0-1

[Event "Challenge"]
[Site "http://www.queenalice.com/game.php?id=1476556"]
[Date "2017.5.3"]
[Round "-"]
[White "Lorenzo16"]
[Black "NataliaMichels"]
[Result "0-1"]
[WhiteElo "1170"]
[BlackElo "1338"]

1. e4 e5 2. Bc4 Nf6 3. Qf3 Nc6 4. c3 Bc5 5. d3 d6 6. Nh3 Be6 7. Bxe6 O-O 8. Bf5
a6 9. Qg3 d5 10. Bh6 Nh5 11. Qg4 Qf6 12. Qxh5 Qxh6 13. Qxh6 gxh6 14. exd5 Ne7
15. Bg4 Nxd5 16. Bf3 c6 17. c4 Nb4 18. O-O Nc2 19. Nc3 Nxa1 20. Rxa1 Rad8 21.
Ne4 Bd4 22. Rb1 f5 23. Ng3 f4 24. Ne4 Bb6 25. c5 Bc7 0-1

[Event "AUTO-OPEN-3797"]
[Site "http://www.queenalice.com/game.php?id=1476683"]
[Date "2017.5.4"]
[Round "1"]
[White "betofortaleza"]
[Black "Lorenzo16"]
[Result "0-1"]
[WhiteElo "2000"]
[BlackElo "1100"]

1. e4 e6 2. e5 Nc6 3. d4 d5 4. Nf3 Bd7 5. Bb5 a6 6. Bxc6 Bxc6 7. Ng5 h6 8. Nf3
Qe7 9. Nc3 O-O-O 10. O-O f6 11. Bf4 g5 12. Be3 f5 13. Bd2 g4 14. Ne1 Qb4 15. a3
Qxd4 16. g3 Qxe5 17. Ng2 d4 18. Bf4 Qa5 19. Nb1 e5 20. Bd2 Qd5 21. f3 gxf3 22.
Rxf3 Qxf3 0-1

[Event "AUTO-OPEN-3797"]
[Site "http://www.queenalice.com/game.php?id=1476684"]
[Date "2017.5.4"]
[Round "1"]
[White "Lorenzo16"]
[Black "betofortaleza"]
[Result "1-0"]
[WhiteElo "1100"]
[BlackElo "2017"]

1. e4 e5 2. Bc4 Nc6 3. d3 Nf6 4. Nc3 Bb4 5. Bd2 Nd4 6. Nf3 Nxf3+ 7. Qxf3 d6 8.
Bg5 h6 9. Bxf6 gxf6 10. O-O Rg8 11. Qh5 Qe7 12. Nd5 Rg5 13. Qxh6 Qf8 14. Nxf6+
1-0

[Event "AUTO-OPEN-3797"]
[Site "http://www.queenalice.com/game.php?id=1476711"]
[Date "2017.5.4"]
[Round "1"]
[White "vindaloo"]
[Black "Lorenzo16"]
[Result "1-0"]
[WhiteElo "1954"]
[BlackElo "1100"]

1. e4 e5 2. Nf3 Nf6 3. d4 exd4 4. e5 Ne4 5. Qxd4 Nc5 6. Bc4 Nc6 7. Qe3 b6 8. O-O
Ba6 9. Bxa6 Nxa6 10. a3 Bc5 11. Qd3 Nab8 12. Nbd2 Qe7 13. Re1 d6 14. exd6 Qxe1+
15. Nxe1 Bxd6 16. Ne4 Be5 17. Nf3 O-O 18. Nxe5 Nxe5 19. Qc3 Rd8 20. Be3 Ng4 21.
Bf4 Na6 22. Re1 Rd5 23. f3 Rf5 24. Bg3 Nh6 25. Qc6 Rd8 26. Nc3 g6 27. Ne4 Nc5
28. Qxc7 Ne6 29. Qxa7 Kg7 30. Qxb6 Rfd5 31. c4 Rd1 32. Kf2 Nf5 33. Be5+ Kh6 34.
g4 Ne7 35. h4 Rxe1 36. Kxe1 Nc8 37. Qe3+ g5 38. Nxg5 Kg6 39. Qe4+ 1-0

[Event "AUTO-OPEN-3797"]
[Site "http://www.queenalice.com/game.php?id=1476712"]
[Date "2017.5.4"]
[Round "1"]
[White "Lorenzo16"]
[Black "vindaloo"]
[Result "1-0"]
[WhiteElo "1100"]
[BlackElo "1909"]

1. e4 c5 2. Bc4 e6 3. d3 Nc6 4. Be3 Nf6 5. Nc3 Be7 6. Qf3 Ne5 7. Qg3 Nxc4 8.
dxc4 O-O 9. Bh6 g6 10. Bxf8 Bxf8 11. Nf3 d6 12. Qh4 Bg7 13. O-O Qb6 14. b3 Qc6
15. Rfe1 a6 16. e5 dxe5 17. Nxe5 Qe8 18. Rad1 Rb8 19. Rd3 b5 20. cxb5 axb5 21.
Red1 Bb7 22. a4 h6 23. Nxb5 Be4 24. Nd6 Qc6 25. Nxc6 1-0

[Event "AUTO-OPEN-3797"]
[Site "http://www.queenalice.com/game.php?id=1476729"]
[Date "2017.5.4"]
[Round "1"]
[White "Rod_"]
[Black "Lorenzo16"]
[Result "1-0"]
[WhiteElo "1678"]
[BlackElo "1170"]

1. e4 e5 2. d4 exd4 3. Qxd4 Nc6 4. Qe3 Bd6 5. Bd3 Nb4 6. a3 Nxd3+ 7. cxd3 Nf6 8.
h3 c6 9. e5 Qa5+ 10. Bd2 Qxe5 11. Qxe5+ Bxe5 12. Nc3 O-O 13. Nf3 Bxc3 14. Bxc3
Re8+ 15. Kd2 Nd5 16. Rhe1 Rxe1 17. Rxe1 h6 18. Re8+ Kh7 19. Ne5 d6 20. Nxf7 Nc7
21. Rh8+ Kg6 22. Nxd6 Be6 23. Rxa8 Nxa8 24. Nxb7 Bd5 25. f3 Nc7 26. a4 Na6 27.
b4 Bb3 28. b5 cxb5 29. axb5 Nc7 30. Nd6 Ba4 31. Bd4 Nxb5 32. Nxb5 Bxb5 33. Bxa7
Kf5 34. Ke3 Ba4 35. d4 g5 36. g4+ Kf6 37. Ke4 1-0

[Event "AUTO-OPEN-3797"]
[Site "http://www.queenalice.com/game.php?id=1476730"]
[Date "2017.5.4"]
[Round "1"]
[White "Lorenzo16"]
[Black "Rod_"]
[Result "0-1"]
[WhiteElo "1170"]
[BlackElo "1680"]

1. e4 e5 2. Bc4 Nc6 3. Qf3 Nf6 4. d3 Nd4 5. Qd1 Bc5 6. c3 Nc6 7. b4 Bb6 8. Nf3
h6 9. O-O d6 10. Qb3 Be6 11. Bxe6 fxe6 12. Qxe6+ Ne7 13. Na3 a6 14. b5 Kf8 15.
Rb1 a5 16. d4 exd4 17. cxd4 Qd7 18. Qxd7 Nxd7 19. e5 d5 20. e6 Nf6 21. Ne5 Bxd4
22. Nd7+ Nxd7 23. exd7 b6 24. Rb3 Rd8 25. Rd3 Nf5 26. Rf3 g6 27. Rd1 Rxd7 28.
Rxd4 Kg7 29. Rd1 Re8 30. g4 Nd6 31. Rh3 Ne4 32. Bxh6+ Kf7 0-1

[Event "AUTO-OPEN-3803"]
[Site "http://www.queenalice.com/game.php?id=1478553"]
[Date "2017.5.18"]
[Round "1"]
[White "sphagnis"]
[Black "Lorenzo16"]
[Result "1-0"]
[WhiteElo "1682"]
[BlackElo "1100"]

1. e4 e5 2. Bc4 Bc5 3. Qh5 Nh6 4. Qxe5+ Be7 5. Qxg7 Rg8 6. Qxh6 Bf8 7. Qxh7 Rg7
8. Qh5 Qe7 9. d4 Qxe4+ 10. Ne2 Qxc2 11. O-O Qxc4 12. Re1 Qc6 13. Ng3+ Kd8 14.
Nc3 b6 15. Bg5+ Be7 16. Qh8+ Rg8 17. Qxg8# 1-0

[Event "AUTO-OPEN-3803"]
[Site "http://www.queenalice.com/game.php?id=1478554"]
[Date "2017.5.18"]
[Round "1"]
[White "Lorenzo16"]
[Black "sphagnis"]
[Result "0-1"]
[WhiteElo "1152"]
[BlackElo "1712"]

1. e4 e5 2. Bc4 Bc5 3. Nf3 Qf6 4. d3 h6 5. Nc3 Bb4 6. O-O Bxc3 7. bxc3 a6 8. d4
d6 9. dxe5 dxe5 10. Bd5 Ne7 11. c4 c6 12. Bxf7+ Qxf7 13. Nxe5 Qe6 14. Bf4 O-O
15. Bg3 Nd7 16. Nxd7 Bxd7 17. Rb1 b5 18. cxb5 cxb5 19. Bd6 Rfd8 20. Bxe7 Qxe7
21. Qd5+ Be6 22. Qc6 Bxa2 23. Ra1 Bc4 24. Rfe1 a5 25. Rab1 Rdc8 26. Qb6 Rcb8 27.
Qd4 Rd8 0-1

[Event "AUTO-OPEN-3803"]
[Site "http://www.queenalice.com/game.php?id=1478577"]
[Date "2017.5.18"]
[Round "1"]
[White "miltonlovisk"]
[Black "Lorenzo16"]
[Result "1-0"]
[WhiteElo "2018"]
[BlackElo "1152"]

1. e4 e5 2. Nf3 Nc6 3. a3 Nf6 4. Nc3 Bc5 5. Bc4 a6 6. d3 b5 7. Ba2 d6 8. h3 O-O
9. Bg5 h6 10. Bh4 Qd7 11. Bxf6 gxf6 12. Nd5 Qe6 13. Nxc7 Qd7 14. Nxa8 Bb7 15.
Nh4 Nd4 16. c3 Nc6 17. Nf5 1-0

[Event "AUTO-OPEN-3803"]
[Site "http://www.queenalice.com/game.php?id=1478578"]
[Date "2017.5.18"]
[Round "1"]
[White "Lorenzo16"]
[Black "miltonlovisk"]
[Result "0-1"]
[WhiteElo "1152"]
[BlackElo "2020"]

1. e4 e5 2. Bc4 Nc6 3. d3 Bc5 4. Nh3 h6 5. Qh5 Qf6 6. Bg5 Qg6 7. Qxg6 fxg6 8.
Be3 Be7 9. O-O Nf6 10. Nc3 d6 11. Nb5 Kd8 12. Bd5 Nxd5 13. exd5 a6 14. Nc3 Nd4
15. Rac1 Nf5 16. Bd2 b5 0-1

[Event "AUTO-OPEN-3803"]
[Site "http://www.queenalice.com/game.php?id=1478593"]
[Date "2017.5.18"]
[Round "1"]
[White "Lorenzo16"]
[Black "junipero"]
[Result "0-1"]
[WhiteElo "1100"]
[BlackElo "2095"]

1. e4 c5 2. Bc4 Nc6 3. d3 e5 4. Nh3 h6 5. Qf3 Nf6 6. O-O d6 7. Nc3 Nd4 8. Qd1
Bxh3 9. gxh3 a6 10. Nd5 b5 11. Nxf6+ Qxf6 12. Bd5 Rb8 13. c3 Nf3+ 14. Kg2 Nh4+
15. Kg3 Qg6+ 16. Qg4 Be7 17. Bc6+ Kf8 18. Be3 Qf6 19. Qxh4 Qxh4+ 20. Kg2 Bg5 0-1

[Event "AUTO-OPEN-3803"]
[Site "http://www.queenalice.com/game.php?id=1478594"]
[Date "2017.5.18"]
[Round "1"]
[White "junipero"]
[Black "Lorenzo16"]
[Result "1-0"]
[WhiteElo "2033"]
[BlackElo "1152"]

1. d4 d5 2. c4 dxc4 3. e3 e6 4. Bxc4 Bb4+ 5. Nc3 c6 6. Nf3 Nf6 7. a3 Bxc3+ 8.
bxc3 Qa5 9. Bd2 Ne4 10. Qc2 Qf5 11. Bd3 Qg4 12. Bxe4 f5 13. Ne5 Qg5 14. Bf3 Na6
15. Qa4 O-O 16. Nxc6 bxc6 17. Qxc6 Rb8 18. O-O Bb7 19. Qxe6+ Kh8 20. Bxb7 Rxb7
21. Qxa6 Rbf7 22. Rab1 h6 23. Rb7 Rxb7 24. Qxb7 h5 25. Qxa7 h4 26. g3 hxg3 27.
fxg3 Qg4 28. Qe7 Rg8 29. Qf7 g6 30. Rb1 Qe2 31. Be1 Qxe3+ 32. Bf2 1-0